Initiales de BA à BZ - Statistiques

Statistiques générales
  • Ce quiz a été pris 122 fois
  • Le résultat moyen est 12 sur 26
Statistiques - réponses
Initiales Définitions Réponses % Correct
BK Concurrent direct de McDonalds Burger King
92%
BA Multimilliardaire français Bernard Arnault
91%
BG Créateur de Microsoft Bill Gates
91%
BO Président américain dont le père était kenyan Barack Obama
86%
BC Femme du président français élu de 1995 à 2007 Bernadette Chirac
86%
BP Il est sorti avec Angelina Jolie et Jennifer Aniston Brad Pitt
82%
BL Roi des arts martiaux, son surnom est "le Petit Dragon" Bruce Lee
78%
BJ Premier ministre anglais de 2019 à 2022 Boris Johnson
71%
BT Repreneur de l'OM quand le club étais au plus mal Bernard Tapie
68%
BB Elle a chanté La Madrague Brigitte Bardot
68%
BE I'm the bad guy Billie Eilish
63%
BN Premier ministre israélien Benyamin Netanyahou
57%
BF Joueur portugais du Manchester United Bruno Fernandes
54%
BV Il chante "Le Déserteur" Boris Vian
51%
BW Il joue Church dans Expendables 2 Bruce Willis
35%
BR 47 ans a animé Des chiffres et des lettres Bertrand Renard
34%
BM Hey Soul Sister Bruno Mars
18%
BD Personnage joué par Sophia Bush dans les Frères Scott Brooke Davis
16%
BI Star de rock britannique qui a crée le générique de Speed Billy Idol
11%
BZ Acteur fiancé a Rose du Titanic jusqu'à l'arrivée de Jack Billy Zane
7%
BH Nageuse française handisport la plus médaillée Béatrice Hess
4%
BS Pongiste roumaine, triple championne d'Europe Bernadette Szocs
4%
BQ Il joue Russ Murphy dans Charmed Brandon Quinn
4%
BU Il joue le rôle de Chase dans la série Bio-Teens Billy Unger
2%
BX Officiellement l'homme le plus grand du monde avant 2007 Bao Xishun
1%
BY Patronyme de Franck Ribéry quand il s'est converti a l'islam Bilal Yusuf
1%
Aucun quiz correspondant
Distribution des résultats
% des personnes avec chaque résultat
Percentile par nombre de réponses
Votre historique - résultats
Vous n’avez pas pris ce quiz